|
|
|
|
| LEADER |
00000nam0a2200000 4500 |
| 001 |
310733 |
| 005 |
20231102002322.0 |
| 035 |
|
|
|a (RuTPU)RU\TPU\book\336085
|
| 090 |
|
|
|a 310733
|
| 100 |
|
|
|a 20151127d1908 m y0rusy50 ca
|
| 101 |
0 |
|
|a rus
|
| 102 |
|
|
|a RU
|
| 105 |
|
|
|a af z 000zy
|
| 200 |
1 |
|
|a Отчет Бюро Харьковского городского электрического трамвая по эксплуатации. С 3-го июля 1906 г. по 1-е января 1908 г.
|f сост. Г. Маджиони, А. Тоцкий
|
| 210 |
|
|
|a Харьков
|c Электро-Типография П. Д. Калугина
|d 1908
|
| 215 |
|
|
|a 87 с.
|c 2 л. табл.
|
| 300 |
|
|
|a Текст в русской дореформенной орфографии
|
| 317 |
|
|
|5 63413507: 26//417
|a Поступил в НТБ в 1914 г. в дар от первого директора ТТИ профессора Е. Л. Зубашева
|
| 606 |
1 |
|
|a Электрический транспорт, городской
|2 stltpush
|3 (RuTPU)RU\TPU\subj\27807
|9 51503
|
| 610 |
1 |
|
|a Коллекция Е. Л. Зубашева
|
| 610 |
1 |
|
|a дары библиотеке
|
| 610 |
1 |
|
|a трамваи
|
| 610 |
1 |
|
|a эксплуатация
|
| 610 |
1 |
|
|a расходы
|
| 610 |
1 |
|
|a статистические выводы
|
| 610 |
1 |
|
|a счета
|
| 675 |
|
|
|a 621.331
|v 4
|
| 702 |
|
1 |
|a Маджиони
|b Г.
|4 220
|
| 702 |
|
1 |
|a Тоцкий
|b А.
|4 220
|
| 801 |
|
1 |
|a RU
|b 63413507
|c 20151127
|
| 801 |
|
2 |
|a RU
|b 63413507
|c 20210706
|g RCR
|
| 942 |
|
|
|c BK
|